Objets apparaissant dans le MCU (Marvel Cinematic Universe) - Statistiques

Statistiques générales
  • Ce quiz a été pris 47 fois
  • Le résultat moyen est 11 sur 26
Statistiques - réponses
Par images Réponse % Correct
Mjolnir
81%
Pierre du temps
79%
Pierre de l'âme
76%
Pierre de l'esprit
74%
Tesseract
69%
Pierre du pouvoir
62%
Bouclier de Captain America
60%
Pierre de l'espace
60%
Gantelet d'infinité
57%
Stormbreaker
52%
Lunettes de Tony Stark
50%
Oeil d'Agamotto
45%
Armure d'Iron Man Mark LXXXV
43%
Bras prophétique du Soldat de l'Hiver
43%
Darkhold
40%
Pierre de réalité
36%
Dix anneaux
33%
Aile rouge
31%
Costume de Black Panther
26%
Double anneau
17%
Cape de lévitation
14%
Nécrolame
12%
Hofund
10%
Livre de Vishanti
10%
Livre de Cagliostro
5%
Disque de particules Pym
2%
Aucun quiz correspondant
Distribution des résultats
% des personnes avec chaque résultat
Percentile par nombre de réponses
Votre historique - résultats
Vous n’avez pas pris ce quiz